000 01230cam a2200133 4500500
005 20251214002829.0
041 _afre
042 _adc
100 1 0 _aRizk, Hadi
_eauthor
245 0 0 _aComprendre Sartre
260 _bArmand Colin,
_c2011.
520 _aJean-Paul Sartre, personnage médiatique, polémiste, journaliste, critique littéraire, dramaturge, romancier, psychologue et philosophe… est une sorte d’archétype du penseur engagé et de l’intellectuel de la deuxième partie du XXe siècle. Idolâtré ou conspué, il n’a laissé personne indifférent. Que reste-t-il de lui et du modèle qu’il a offert ? Notre époque est-elle disposée à faire crédit à son affirmation de la responsabilité absolue de l’homme ? Ce livre retrace les grands moments de son existence : sa « route commune » avec les marxistes, son refus du prix Nobel Mai 68 et la fondation de Libération. Il introduit parallèlement à la lecture de son œuvre, des Mots à la Critique de la raison dialectique, en passant par La Nausée, L’Existentialisme est un humanisme, Huis Clos ou L’Être et le Néant.
856 4 1 _uhttps://shs.cairn.info/comprendre-sartre--9782200346416?lang=fr&redirect-ssocas=7080
999 _c1567530
_d1567530